00319nam a22000857a 4500100006100000245008800061260002700149300000900176700004800185 aSaqib Ali a21ELACE23aSupervisor - Prof.Dr.Aamir Bhatti aDistributed Generation and Battery Energy Storage System Using EV Load ( Thesis BE) aNawabshahbQUESTc2023 a42p. aDepartment of Electrical (ACE) Engineering